| 000 | 00000nam##2200000za#4500 |
| 001 | 9.698335 |
| 003 | CaOODSP |
| 005 | 20210624235900 |
| 007 | cr ||||||||||| |
| 008 | 150407|2000||||xxc|||||o f|0| 0 eng|d |
| 040 | |aCaOODSP|beng |
| 043 | |an-cn--- |
| 086 | 1 |aRv4-15/2000E-PDF |
| 110 | 1 |aCanada. |bCanada Customs and Revenue Agency. |
| 245 | 10|aYour rights in your dealings with the Canada Customs and Revenue Agency |h[electronic resource] |
| 260 | |aOttawa - Ontario : |bCanada Customs and Revenue Agency |c2000. |
| 300 | |a20p. |
| 590 | |a13-19-Supp|b2013-08-14 |
| 690 | 07|aSurvivor benefits|2gcpds |
| 775 | 08|tVos droits dans vos rapports avec l'Agence des douanes et du revenu du Canada |w(CaOODSP)9.642353 |
| 856 | 40|ahttp://publications.gc.ca|qPDF|s159 KB|uhttps://publications.gc.ca/collections/collection_2013/arc-cra/Rv4-15-2000-eng.pdf |
| 986 | |aRC4213(E) |